| 000 | 00787cam a2200217 4500 | ||
|---|---|---|---|
| 001 | ABS60755 | ||
| 008 | 000000n1999 000 0 eng u | ||
| 035 | _a(Sirsi) u101252 | ||
| 100 | _aAubrey, C. | ||
| 245 | _aWind energy - the planning issue. | ||
| 260 | _c1999 | ||
| 490 |
_aNew Review _v(40) May 1999, 6-7(2) |
||
| 520 | _aExamines the current difficulties being faced by the wind industry in obtaining planning permission for wind power projects, which are seen by some local authorities and groups such as 'Country Guardian' as a blot on the landscape. | ||
| 650 | _aWIND ENERGY | ||
| 650 | _aWIND FARMS | ||
| 650 | _aPLANNING PERMISSION | ||
| 650 | _aRENEWABLE ENERGY | ||
| 650 | _aVISUAL IMPACT | ||
| 690 | _aENVIRONMENTAL AND LAND CONSULTANCY-ENERGY | ||
| 942 | _n0 | ||
| 999 |
_c60405 _d60405 |
||